[Event "DVM U14 2022"]
[Site "Kelheim GER"]
[Date "2022.12.29"]
[Round "6"]
[White "Lischka, Marten"]
[Black "Borgert, Alexander"]
[Result "1-0"]
[Termination "normal"]
[Board "5.3"]
[WhiteElo "1598"]
[BlackElo "1541"]
[WhiteClock "01:02:45"]
[BlackClock "01:20:37"]
[WhiteTeam "USV Halle"]
[BlackTeam "Hamburger SK von 1830 eV"]
[PlyCount "105"]
[WhiteFideId "34603328"]
[BlackFideId "16289188"]
[EventCountry "GER"]
[EventRounds "7"]
[EventType "team-swiss"]
[EventDate "2022.12.26"]

1. e4 {[%clk 01:30:57]} {[%emt 00:00:02]} c5 {[%clk 01:30:56]} {[%emt
00:00:03]} 2. Nc3 {[%clk 01:30:41]} {[%emt 00:00:47]} Nc6 {[%clk 01:31:16]}
{[%emt 00:00:10]} 3. f4 {[%clk 01:31:04]} {[%emt 00:00:06]} g6 {[%clk
01:31:38]} {[%emt 00:00:09]} 4. Nf3 {[%clk 01:31:15]} {[%emt 00:00:19]} Bg7
{[%clk 01:32:02]} {[%emt 00:00:05]} 5. Bb5 {[%clk 01:30:34]} {[%emt 00:01:11]}
e6 {[%clk 01:29:36]} {[%emt 00:02:57]} 6. d3 {[%clk 01:30:03]} {[%emt
00:01:01]} Nge7 {[%clk 01:29:51]} {[%emt 00:00:14]} 7. Be3 {[%clk 01:29:48]}
{[%emt 00:00:46]} b6 {[%clk 01:28:32]} {[%emt 00:01:49]} 8. O-O {[%clk
01:29:40]} {[%emt 00:00:37]} O-O {[%clk 01:28:35]} {[%emt 00:00:28]} 9. Qd2
{[%clk 01:28:17]} {[%emt 00:01:54]} Bb7 {[%clk 01:28:36]} {[%emt 00:00:28]} 10.
d4 {[%clk 01:19:25]} {[%emt 00:09:22]} cxd4 {[%clk 01:24:48]} {[%emt 00:04:17]}
11. Nxd4 {[%clk 01:19:38]} {[%emt 00:00:18]} Nxd4 {[%clk 01:24:58]} {[%emt
00:00:20]} 12. Bxd4 {[%clk 01:20:01]} {[%emt 00:00:07]} Bxd4 {[%clk 01:25:14]}
{[%emt 00:00:14]} 13. Qxd4 {[%clk 01:20:19]} {[%emt 00:00:12]} Nc6 {[%clk
01:25:11]} {[%emt 00:00:32]} 14. Qd6 {[%clk 01:19:53]} {[%emt 00:00:56]} Qb8
{[%clk 01:24:56]} {[%emt 00:00:45]} 15. Rad1 {[%clk 01:18:45]} {[%emt
00:01:39]} Qxd6 {[%clk 01:24:37]} {[%emt 00:00:49]} 16. Rxd6 {[%clk 01:19:08]}
{[%emt 00:00:07]} Rad8 {[%clk 01:24:39]} {[%emt 00:00:27]} 17. Rfd1 {[%clk
01:19:10]} {[%emt 00:00:28]} a6 {[%clk 01:22:35]} {[%emt 00:02:35]} 18. Be2
{[%clk 01:17:22]} {[%emt 00:02:18]} a5 {[%clk 01:16:19]} {[%emt 00:06:43]} 19.
a3 {[%clk 01:08:36]} {[%emt 00:09:20]} Ba8 {[%clk 01:13:24]} {[%emt 00:03:24]}
20. Rxd7 {[%clk 01:08:36]} {[%emt 00:00:31]} Rxd7 {[%clk 01:13:44]} {[%emt
00:00:09]} 21. Rxd7 {[%clk 01:09:01]} {[%emt 00:00:05]} Rd8 {[%clk 01:14:01]}
{[%emt 00:00:13]} 22. Rxd8 {[%clk 01:07:58]} {[%emt 00:01:33]} Nxd8 {[%clk
01:14:21]} {[%emt 00:00:10]} 23. e5 {[%clk 01:07:46]} {[%emt 00:00:42]} Bc6
{[%clk 01:14:17]} {[%emt 00:00:34]} 24. Kf2 {[%clk 01:06:11]} {[%emt 00:02:05]}
Nb7 {[%clk 01:14:31]} {[%emt 00:00:17]} 25. Bf3 {[%clk 01:04:07]} {[%emt
00:02:34]} Bxf3 {[%clk 01:14:41]} {[%emt 00:00:19]} 26. Kxf3 {[%clk 01:04:35]}
{[%emt 00:00:02]} Nc5 {[%clk 01:15:02]} {[%emt 00:00:10]} 27. Ne4 {[%clk
01:04:04]} {[%emt 00:01:01]} Nd7 {[%clk 01:15:01]} {[%emt 00:00:31]} 28. Nf6
{[%clk 01:04:13]} {[%emt 00:00:20]} Nxf6 {[%clk 01:15:20]} {[%emt 00:00:11]}
29. exf6 {[%clk 01:04:42]} {[%emt 00:00:01]} Kf8 {[%clk 01:15:41]} {[%emt
00:00:10]} 30. h4 {[%clk 00:58:20]} {[%emt 00:06:52]} h6 {[%clk 01:15:30]}
{[%emt 00:00:39]} 31. Ke4 {[%clk 00:58:31]} {[%emt 00:00:20]} Ke8 {[%clk
01:15:49]} {[%emt 00:00:12]} 32. b4 {[%clk 00:57:29]} {[%emt 00:01:33]} axb4
{[%clk 01:16:07]} {[%emt 00:00:11]} 33. axb4 {[%clk 00:57:54]} {[%emt
00:00:05]} Kd7 {[%clk 01:16:32]} {[%emt 00:00:04]} 34. Kd4 {[%clk 00:57:27]}
{[%emt 00:00:58]} Kc6 {[%clk 01:16:45]} {[%emt 00:00:18]} 35. Kc4 {[%clk
00:56:48]} {[%emt 00:01:08]} b5 {[%clk 01:17:04]} {[%emt 00:00:10]} 36. Kd4
{[%clk 00:57:13]} {[%emt 00:00:06]} h5 {[%clk 01:17:03]} {[%emt 00:00:31]} 37.
c4 {[%clk 00:57:17]} {[%emt 00:00:26]} bxc4 {[%clk 01:17:21]} {[%emt 00:00:11]}
38. Kxc4 {[%clk 00:57:43]} {[%emt 00:00:04]} Kb6 {[%clk 01:17:46]} {[%emt
00:00:06]} 39. b5 {[%clk 00:58:01]} {[%emt 00:00:12]} Kc7 {[%clk 01:17:38]}
{[%emt 00:00:38]} 40. Kc5 {[%clk 00:58:24]} {[%emt 00:00:08]} Kb7 {[%clk
01:17:44]} {[%emt 00:00:24]} 41. Kd6 {[%clk 00:58:32]} {[%emt 00:00:21]} Kc8
{[%clk 01:17:37]} {[%emt 00:00:36]} 42. Ke7 {[%clk 00:58:57]} {[%emt 00:00:06]}
Kc7 {[%clk 01:17:51]} {[%emt 00:00:16]} 43. Kxf7 {[%clk 00:59:21]} {[%emt
00:00:06]} Kd6 {[%clk 01:18:09]} {[%emt 00:00:12]} 44. Kg7 {[%clk 00:59:29]}
{[%emt 00:00:22]} e5 {[%clk 01:18:28]} {[%emt 00:00:11]} 45. fxe5 {[%clk
00:59:51]} {[%emt 00:00:08]} Kxe5 {[%clk 01:18:46]} {[%emt 00:00:12]} 46. f7
{[%clk 01:00:14]} {[%emt 00:00:07]} Kd6 {[%clk 01:19:08]} {[%emt 00:00:08]} 47.
f8=Q {[%clk 01:00:35]} {[%emt 00:00:09]} Kd7 {[%clk 01:19:29]} {[%emt
00:00:09]} 48. Kxg6 {[%clk 01:00:52]} {[%emt 00:00:14]} Kc7 {[%emt 00:00:24]}
49. Qf6 {[%clk 01:01:09]} Kb8 {[%clk 01:19:58]} {[%emt 00:00:17]} 50. Qe7
{[%clk 01:01:34]} {[%emt 00:00:05]} Kc8 {[%clk 01:19:59]} {[%emt 00:00:29]} 51.
Kf6 {[%clk 01:01:59]} {[%emt 00:00:06]} Kb8 {[%clk 01:20:13]} {[%emt 00:00:16]}
52. b6 {[%clk 01:02:22]} {[%emt 00:00:07]} Ka8 {[%clk 01:20:37]} {[%emt
00:00:05]} 53. Qa7# {[%clk 01:02:45]} {[%emt 00:00:07]} 1-0

[Event "DVM U14 2022"]
[Site "Kelheim GER"]
[Date "2022.12.29"]
[Round "6"]
[White "Kellner, Anton"]
[Black "Knüpfer, Johannes"]
[Result "1-0"]
[Termination "normal"]
[Board "5.4"]
[WhiteElo "1330"]
[BlackElo "1242"]
[WhiteClock "00:20:30"]
[BlackClock "00:05:35"]
[WhiteTeam "Hamburger SK von 1830 eV"]
[BlackTeam "USV Halle"]
[PlyCount "93"]
[WhiteFideId "16293185"]
[BlackFideId "34605967"]
[EventCountry "GER"]
[EventRounds "7"]
[EventType "team-swiss"]
[EventDate "2022.12.26"]

1. d4 {[%clk 01:30:59]} {[%emt 01:01:40]} d5 {[%clk 01:30:54]} {[%emt
00:00:06]} 2. c4 {[%clk 01:31:24]} {[%emt 00:00:08]} e6 {[%clk 01:31:17]}
{[%emt 00:00:02]} 3. Nc3 {[%clk 01:31:48]} {[%emt 00:00:08]} Nf6 {[%clk
01:31:40]} {[%emt 00:00:07]} 4. Bg5 {[%clk 01:32:04]} {[%emt 00:00:12]} Nbd7
{[%clk 01:31:16]} {[%emt 00:00:56]} 5. Nf3 {[%clk 01:32:04]} {[%emt 00:00:30]}
Be7 {[%clk 01:31:27]} {[%emt 00:00:18]} 6. e3 {[%clk 01:32:22]} {[%emt
00:00:12]} O-O {[%clk 01:31:25]} {[%emt 00:00:32]} 7. cxd5 {[%clk 01:32:00]}
{[%emt 00:00:52]} exd5 {[%clk 01:31:28]} {[%emt 00:00:26]} 8. Bd3 {[%clk
01:32:00]} {[%emt 00:00:29]} c6 {[%clk 01:30:51]} {[%emt 00:01:09]} 9. O-O
{[%clk 01:32:20]} {[%emt 00:00:09]} Re8 {[%clk 01:27:49]} {[%emt 00:03:33]} 10.
a3 {[%clk 01:32:07]} {[%emt 00:00:42]} h6 {[%clk 01:25:14]} {[%emt 00:03:06]}
11. Bh4 {[%clk 01:32:06]} {[%emt 00:00:29]} Ne4 {[%clk 01:24:56]} {[%emt
00:00:50]} 12. Bxe7 {[%clk 01:30:39]} {[%emt 00:01:57]} Qxe7 {[%clk 01:25:16]}
{[%emt 00:00:11]} 13. Nd2 {[%clk 01:29:24]} {[%emt 00:01:41]} Ndf6 {[%clk
01:23:26]} {[%emt 00:02:23]} 14. Re1 {[%clk 01:29:10]} {[%emt 00:00:43]} Bf5
{[%clk 01:22:51]} {[%emt 00:01:05]} 15. Qc2 {[%clk 01:26:25]} {[%emt 00:03:15]}
Bh7 {[%clk 01:19:20]} {[%emt 00:04:02]} 16. Ndxe4 {[%clk 01:25:24]} {[%emt
00:01:30]} Nxe4 {[%clk 01:18:44]} {[%emt 00:01:07]} 17. f3 {[%clk 01:25:08]}
{[%emt 00:00:44]} Nf6 {[%clk 01:19:11]} {[%emt 00:00:06]} 18. Bxh7 {[%clk
01:24:24]} {[%emt 00:01:14]} Nxh7 {[%clk 01:19:35]} {[%emt 00:00:05]} 19. e4
{[%clk 01:24:41]} {[%emt 00:00:13]} Qd7 {[%clk 01:16:07]} {[%emt 00:03:58]} 20.
exd5 {[%clk 01:22:38]} {[%emt 00:02:32]} cxd5 {[%clk 01:15:55]} {[%emt
00:00:43]} 21. Qb3 {[%clk 01:21:50]} {[%emt 00:01:18]} Nf6 {[%clk 01:14:12]}
{[%emt 00:02:14]} 22. Re5 {[%clk 01:19:55]} {[%emt 00:02:24]} Rad8 {[%clk
01:10:18]} {[%emt 00:04:24]} 23. Rae1 {[%clk 01:17:58]} {[%emt 00:02:27]} Rxe5
{[%clk 01:02:42]} {[%emt 00:08:07]} 24. Rxe5 {[%clk 01:18:02]} {[%emt
00:00:25]} b6 {[%clk 00:50:01]} {[%emt 00:13:12]} 25. Qb4 {[%clk 01:13:45]}
{[%emt 00:04:45]} Re8 {[%clk 00:48:21]} {[%emt 00:02:12]} 26. Kf2 {[%clk
01:10:33]} {[%emt 00:03:41]} Rxe5 {[%clk 00:46:40]} {[%emt 00:02:12]} 27. dxe5
{[%clk 01:10:46]} {[%emt 00:00:16]} Ne8 {[%clk 00:45:43]} {[%emt 00:01:27]} 28.
Qd4 {[%clk 01:10:01]} {[%emt 00:01:12]} Nc7 {[%clk 00:45:47]} {[%emt 00:00:29]}
29. f4 {[%clk 01:04:48]} {[%emt 00:05:42]} Qc6 {[%clk 00:41:54]} {[%emt
00:04:25]} 30. Ke3 {[%clk 01:00:11]} {[%emt 00:05:04]} Kf8 {[%clk 00:39:05]}
{[%emt 00:03:22]} 31. Qb4 {[%clk 00:55:00]} {[%emt 00:05:37]} Qc5 {[%clk
00:38:39]} {[%emt 00:01:00]} 32. Qd4 {[%clk 00:54:58]} {[%emt 00:00:28]} Ke7
{[%clk 00:29:41]} {[%emt 00:09:32]} 33. f5 {[%clk 00:52:03]} {[%emt 00:03:25]}
Kd7 {[%clk 00:28:58]} {[%emt 00:01:12]} 34. Kd3 {[%clk 00:48:29]} {[%emt
00:04:04]} Kc6 {[%clk 00:23:42]} {[%emt 00:05:46]} 35. Qg4 {[%clk 00:43:33]}
{[%emt 00:05:17]} Kb7 {[%clk 00:12:57]} {[%emt 00:11:24]} 36. b4 {[%clk
00:33:14]} {[%emt 00:10:48]} Qf2 {[%clk 00:11:44]} {[%emt 00:01:44]} 37. e6
{[%clk 00:27:27]} {[%emt 00:06:16]} Qf1 {[%clk 00:09:48]} {[%emt 00:02:26]} 38.
Kc2 {[%clk 00:25:13]} {[%emt 00:02:43]} d4 {[%clk 00:08:15]} {[%emt 00:02:05]}
39. Qe4 {[%clk 00:23:29]} {[%emt 00:02:11]} Kc8 {[%clk 00:06:37]} {[%emt
00:02:11]} 40. exf7 {[%clk 00:23:01]} {[%emt 00:00:58]} d3 {[%clk 00:04:08]}
{[%emt 00:02:59]} 41. Qxd3 {[%clk 00:20:33]} {[%emt 00:02:57]} Qf2 {[%clk
00:04:30]} {[%emt 00:00:10]} 42. Kb3 {[%clk 00:20:39]} {[%emt 00:00:21]} Ne6
{[%clk 00:04:47]} {[%emt 00:00:14]} 43. Qc4 {[%clk 00:20:22]} {[%emt 00:00:42]}
Nc5 {[%clk 00:04:44]} {[%emt 00:00:39]} 44. bxc5 {[%clk 00:20:23]} {[%emt
00:00:29]} Qxf5 {[%clk 00:05:08]} {[%emt 00:00:06]} 45. cxb6 {[%clk 00:20:20]}
{[%emt 00:00:32]} Kd7 {[%clk 00:05:13]} {[%emt 00:00:26]} 46. Qc7 {[%clk
00:20:25]} {[%emt 00:00:22]} Ke6 {[%clk 00:05:35]} {[%emt 00:00:11]} 47. Qc8
{[%clk 00:20:30]} {[%emt 00:00:23]} 1-0

[Event "DVM U14 2022"]
[Site "Kelheim GER"]
[Date "2022.12.29"]
[Round "6"]
[White "Nhan, Jinhon Raymon"]
[Black "Dubinker, Philipp"]
[Result "0-1"]
[Termination "normal"]
[Board "6.1"]
[WhiteElo "1511"]
[BlackElo "1639"]
[WhiteClock "00:01:13"]
[BlackClock "00:30:05"]
[WhiteTeam "Schachvereinigung 1920 Plettenberg e. V."]
[BlackTeam "SK Marburg 1931/72"]
[PlyCount "136"]
[WhiteFideId "16284690"]
[BlackFideId "34608320"]
[EventCountry "GER"]
[EventRounds "7"]
[EventType "team-swiss"]
[EventDate "2022.12.26"]

1. d4 {[%clk 01:30:56]} {[%emt 00:00:04]} Nf6 {[%clk 01:30:57]} {[%emt
00:00:03]} 2. c4 {[%clk 01:31:14]} {[%emt 00:00:13]} e6 {[%clk 01:31:23]}
{[%emt 00:00:04]} 3. Nc3 {[%clk 01:31:33]} {[%emt 00:00:10]} Bb4 {[%clk
01:31:42]} {[%emt 00:00:11]} 4. Nf3 {[%clk 01:31:43]} {[%emt 00:00:22]} b6
{[%clk 01:32:03]} {[%emt 00:00:08]} 5. g3 {[%clk 01:31:50]} {[%emt 00:00:23]}
Bb7 {[%clk 01:32:19]} {[%emt 00:00:14]} 6. Bg2 {[%clk 01:32:08]} {[%emt
00:00:12]} O-O {[%clk 01:32:09]} {[%emt 00:00:41]} 7. O-O {[%clk 01:32:16]}
{[%emt 00:00:21]} Bxc3 {[%clk 01:31:37]} {[%emt 00:01:02]} 8. bxc3 {[%clk
01:32:37]} {[%emt 00:00:09]} d6 {[%clk 01:31:38]} {[%emt 00:00:29]} 9. Rb1
{[%clk 01:26:27]} {[%emt 00:06:40]} Nbd7 {[%clk 01:29:27]} {[%emt 00:02:41]}
10. Ba3 {[%clk 01:21:29]} {[%emt 00:05:28]} c5 {[%clk 01:26:14]} {[%emt
00:03:40]} 11. Qc1 {[%clk 01:12:08]} {[%emt 00:09:55]} Rc8 {[%clk 01:20:42]}
{[%emt 00:06:01]} 12. Rd1 {[%clk 01:06:46]} {[%emt 00:05:53]} Qc7 {[%clk
01:19:59]} {[%emt 00:01:11]} 13. Qb2 {[%clk 01:01:21]} {[%emt 00:05:56]} Rfd8
{[%clk 01:11:28]} {[%emt 00:09:01]} 14. Rbc1 {[%clk 00:59:05]} {[%emt
00:02:46]} Nb8 {[%clk 01:01:14]} {[%emt 00:10:41]} 15. e3 {[%clk 00:50:41]}
{[%emt 00:08:57]} Nc6 {[%clk 01:00:12]} {[%emt 00:01:32]} 16. Nd2 {[%clk
00:44:50]} {[%emt 00:06:22]} Na5 {[%clk 00:51:36]} {[%emt 00:09:06]} 17. Bxb7
{[%clk 00:41:52]} {[%emt 00:03:28]} Qxb7 {[%clk 00:51:32]} {[%emt 00:00:33]}
18. f3 {[%clk 00:41:11]} {[%emt 00:01:12]} Rd7 {[%clk 00:37:44]} {[%emt
00:14:17]} 19. Qb5 {[%clk 00:32:55]} {[%emt 00:08:47]} Rdc7 {[%clk 00:35:19]}
{[%emt 00:02:55]} 20. e4 {[%clk 00:32:17]} {[%emt 00:01:08]} Qc6 {[%clk
00:33:46]} {[%emt 00:02:02]} 21. Nb3 {[%clk 00:23:42]} {[%emt 00:09:06]} Qxb5
{[%clk 00:33:11]} {[%emt 00:01:04]} 22. cxb5 {[%clk 00:24:02]} {[%emt
00:00:11]} Nc4 {[%clk 00:33:28]} {[%emt 00:00:12]} 23. dxc5 {[%clk 00:15:04]}
{[%emt 00:09:30]} dxc5 {[%clk 00:31:39]} {[%emt 00:02:18]} 24. Na1 {[%clk
00:15:03]} {[%emt 00:00:32]} Nxa3 {[%clk 00:30:38]} {[%emt 00:01:29]} 25. c4
{[%clk 00:14:35]} {[%emt 00:00:59]} Rd7 {[%clk 00:26:50]} {[%emt 00:04:18]} 26.
e5 {[%clk 00:11:01]} {[%emt 00:04:05]} Nxc4 {[%clk 00:24:36]} {[%emt 00:02:43]}
27. exf6 {[%clk 00:07:45]} {[%emt 00:03:47]} Rxd1 {[%clk 00:24:50]} {[%emt
00:00:15]} 28. Rxd1 {[%clk 00:08:14]} {[%emt 00:00:01]} gxf6 {[%clk 00:25:05]}
{[%emt 00:00:15]} 29. Rd7 {[%emt 00:05:17]} Na3 {[%clk 00:21:13]} 30. Rxa7
{[%clk 00:07:16]} {[%emt 00:01:04]} Nxb5 {[%clk 00:21:24]} {[%emt 00:00:18]}
31. Rb7 {[%clk 00:06:48]} {[%emt 00:00:58]} Rc6 {[%clk 00:19:40]} {[%emt
00:02:13]} 32. Kf2 {[%clk 00:06:03]} {[%emt 00:01:16]} Nd4 {[%clk 00:18:45]}
{[%emt 00:01:24]} 33. Ke3 {[%clk 00:05:36]} {[%emt 00:00:59]} e5 {[%clk
00:13:38]} {[%emt 00:05:37]} 34. f4 {[%clk 00:02:14]} {[%emt 00:03:51]} c4
{[%clk 00:10:47]} {[%emt 00:03:20]} 35. fxe5 {[%clk 00:02:00]} {[%emt
00:00:45]} fxe5 {[%clk 00:11:01]} {[%emt 00:00:16]} 36. Ke4 {[%clk 00:01:14]}
{[%emt 00:01:16]} c3 {[%clk 00:09:31]} {[%emt 00:02:01]} 37. Kxe5 {[%clk
00:00:53]} {[%emt 00:00:50]} c2 {[%clk 00:09:53]} {[%emt 00:00:08]} 38. Nxc2
{[%clk 00:01:17]} {[%emt 00:00:06]} Nxc2 {[%clk 00:10:15]} {[%emt 00:00:07]}
39. h4 {[%clk 00:01:17]} {[%emt 00:00:32]} Kg7 {[%clk 00:09:49]} {[%emt
00:00:55]} 40. g4 {[%clk 00:00:59]} {[%emt 00:00:48]} h6 {[%clk 00:09:36]}
{[%emt 00:00:42]} 41. Kf4 {[%clk 00:00:33]} {[%emt 00:00:56]} Nb4 {[%clk
00:08:48]} {[%emt 00:01:17]} 42. Ra7 {[%clk 00:25:55]} {[%emt 00:05:10]} Rc2
{[%clk 00:37:24]} {[%emt 00:01:51]} 43. a3 {[%clk 00:23:01]} {[%emt 00:03:27]}
Ra2 {[%clk 00:35:41]} {[%emt 00:02:12]} 44. Kf5 {[%clk 00:19:35]} {[%emt
00:03:55]} Nc2 {[%clk 00:34:49]} {[%emt 00:01:20]} 45. Rb7 {[%clk 00:14:33]}
{[%emt 00:05:35]} Rxa3 {[%clk 00:34:16]} {[%emt 00:01:03]} 46. Rxb6 {[%clk
00:14:43]} {[%emt 00:00:21]} Nd4 {[%clk 00:34:00]} {[%emt 00:00:45]} 47. Kf4
{[%clk 00:12:37]} {[%emt 00:02:37]} Ne6 {[%clk 00:33:42]} {[%emt 00:00:46]} 48.
Kf5 {[%clk 00:11:16]} {[%emt 00:01:53]} Ra5 {[%clk 00:33:15]} {[%emt 00:00:56]}
49. Ke4 {[%clk 00:11:45]} {[%emt 00:00:03]} Ra4 {[%clk 00:33:31]} {[%emt
00:00:13]} 50. Kf3 {[%clk 00:12:00]} {[%emt 00:00:15]} h5 {[%clk 00:32:39]}
{[%emt 00:01:22]} 51. gxh5 {[%clk 00:11:02]} {[%emt 00:01:29]} Rxh4 {[%clk
00:32:23]} {[%emt 00:00:45]} 52. h6 {[%clk 00:09:04]} {[%emt 00:02:28]} Rxh6
{[%clk 00:32:38]} {[%emt 00:00:15]} 53. Rb7 {[%clk 00:08:24]} {[%emt 00:01:07]}
Kg6 {[%clk 00:32:15]} {[%emt 00:00:55]} 54. Rb6 {[%clk 00:08:20]} {[%emt
00:00:36]} Rh5 {[%clk 00:32:09]} {[%emt 00:00:36]} 55. Ke4 {[%clk 00:04:23]}
{[%emt 00:04:26]} Ra5 {[%clk 00:31:58]} {[%emt 00:00:39]} 56. Ke3 {[%clk
00:02:58]} {[%emt 00:01:57]} Kg5 {[%clk 00:31:35]} {[%emt 00:00:52]} 57. Rc6
{[%clk 00:02:14]} {[%emt 00:01:15]} Re5 {[%clk 00:31:49]} {[%emt 00:00:15]} 58.
Kf2 {[%clk 00:02:18]} {[%emt 00:00:24]} f5 {[%clk 00:32:03]} {[%emt 00:00:18]}
59. Ra6 {[%clk 00:02:08]} {[%emt 00:00:40]} Kg4 {[%clk 00:32:10]} {[%emt
00:00:23]} 60. Ra4 {[%clk 00:01:44]} {[%emt 00:00:55]} f4 {[%clk 00:32:21]}
{[%emt 00:00:19]} 61. Ra8 {[%clk 00:01:51]} {[%emt 00:00:24]} f3 {[%clk
00:31:22]} {[%emt 00:01:25]} 62. Ra4 {[%clk 00:00:58]} {[%emt 00:01:26]} Nf4
{[%clk 00:31:15]} {[%emt 00:00:35]} 63. Rb4 {[%clk 00:00:37]} {[%emt 00:00:52]}
Re2 {[%clk 00:31:25]} {[%emt 00:00:19]} 64. Kf1 {[%clk 00:00:51]} {[%emt
00:00:15]} Kg3 {[%emt 00:01:51]} 65. Rb8 {[%clk 00:00:43]} Nd3 {[%clk
00:28:57]} {[%emt 00:02:18]} 66. Rg8 {[%clk 00:00:43]} {[%emt 00:00:31]} Kh4
{[%clk 00:29:18]} {[%emt 00:00:07]} 67. Rh8 {[%clk 00:01:02]} {[%emt 00:00:12]}
Kg5 {[%clk 00:29:42]} {[%emt 00:00:06]} 68. Rg8 {[%clk 00:01:13]} {[%emt
00:00:19]} Kh6 {[%clk 00:30:05]} {[%emt 00:00:07]} 0-1

[Event "DVM U14 2022"]
[Site "Kelheim GER"]
[Date "2022.12.29"]
[Round "6"]
[White "Sreeramulu, Aarush"]
[Black "Nhan, Jiehou"]
[Result "1-0"]
[Termination "normal"]
[Board "6.2"]
[WhiteElo "1526"]
[BlackElo "1378"]
[WhiteClock "00:06:58"]
[BlackClock "00:00:59"]
[WhiteTeam "SK Marburg 1931/72"]
[BlackTeam "Schachvereinigung 1920 Plettenberg e. V."]
[PlyCount "119"]
[WhiteFideId "34610685"]
[BlackFideId "34608214"]
[EventCountry "GER"]
[EventRounds "7"]
[EventType "team-swiss"]
[EventDate "2022.12.26"]

1. d4 {[%clk 01:30:59]} {[%emt 00:10:59]} Nf6 {[%clk 01:30:45]} {[%emt
00:00:15]} 2. c4 {[%clk 01:31:23]} {[%emt 00:00:06]} g6 {[%clk 01:30:22]}
{[%emt 00:00:54]} 3. Nc3 {[%clk 01:31:40]} {[%emt 00:00:12]} Bg7 {[%clk
01:30:03]} {[%emt 00:00:49]} 4. Nf3 {[%clk 01:31:46]} {[%emt 00:00:25]} d5
{[%clk 01:29:32]} {[%emt 00:01:04]} 5. Bf4 {[%clk 01:31:40]} {[%emt 00:00:32]}
O-O {[%clk 01:26:32]} {[%emt 00:03:30]} 6. e3 {[%clk 01:30:39]} {[%emt
00:01:31]} c6 {[%clk 01:25:13]} {[%emt 00:01:50]} 7. Bd3 {[%clk 01:26:09]}
{[%emt 00:04:59]} Na6 {[%clk 01:19:58]} {[%emt 00:05:45]} 8. cxd5 {[%clk
01:21:27]} {[%emt 00:05:12]} cxd5 {[%clk 01:18:41]} {[%emt 00:01:47]} 9. a3
{[%clk 01:21:02]} {[%emt 00:00:55]} Nh5 {[%clk 01:14:11]} {[%emt 00:05:01]} 10.
Bg3 {[%emt 00:02:11]} Re8 11. Rc1 Bg4 12. Be2 Nxg3 13. hxg3 Rc8 14. O-O h5 15.
Qb3 Rb8 16. Qxd5 Qxd5 17. Nxd5 e6 18. Nc7 Nxc7 19. Rxc7 e5 20. dxe5 Bxf3 21.
Bxf3 Bxe5 22. Rxb7 Rxb7 23. Bxb7 Bxb2 24. a4 f6 25. Rd1 Re7 26. Ba6 Kg7 27. Kf1
Kh6 28. Ke2 Rc7 29. Bb5 a5 30. Rd7 Rc1 31. Kf3 g5 32. g4 hxg4 33. Kxg4 Be5 34.
Ra7 Bc7 35. Ra6 Bd8 36. Rd6 Rc8 37. Rd7 Bb6 38. Bd3 Rc7 39. Rd6 Rb7 40. Rxf6
Kg7 41. Rg6 Kf7 42. Rxg5 Bd8 43. Rf5 Ke6 44. Rb5 Rg7 45. Kf3 Bh4 46. g3 Bd8 47.
Bc4 Kd6 48. Rd5 Kc7 49. Rxa5 Kb8 50. Rb5 Ka7 51. Rd5 Bc7 52. Rf5 Kb6 53. Bb5
{[%clk 01:19:20]} Re7 {[%emt 03:08:40]} 54. Rf6 Kb7 55. g4 Ka8 56. g5 Rg7 57.
g6 Ka7 58. Kg4 Kb8 59. Kf5 Ka7 {[%clk 00:00:59]} 60. Rf7 {[%clk 00:06:58]} 1-0